000 00650nam a2200253Ia 4500
001 29670
005 20240114001143.0
007 ta
008 060703s1969 g b000 u 465 u
040 _aCotton College,Assam
041 _a465
082 _a291.35
_bD 49 T
100 _aDeva, Krishna .
245 0 _aTemples of Nort India /
_cKrishna Deva.
_hTextual Documents
250 _a1st ed. /
260 _aNew Delhi :
_bNational book Trust, ,
_c1969.
300 _a87p. ;
_c22cm.
653 _aReligion
653 _aTemples-Nort India
653 _aG-Religion
942 _2ddc
_cBK
999 _c29652
_d29652